| 000 | 00643nam a22001937a 4500 | ||
|---|---|---|---|
| 999 |
_c58303 _d58303 |
||
| 005 | 20211102140825.0 | ||
| 008 | 211102s2007 enk||||| |||| 00| 0 rus d | ||
| 020 | _a9788776871734 | ||
| 041 | _arus | ||
| 080 | _a159.964 | ||
| 100 |
_aХаббард, Рональд Лафайет. _912701 |
||
| 245 |
_aПродвинутая процедура и аксиомы / _cЛ. Рон Хаббард. |
||
| 264 |
_aМ. : _b"Нью Эра", _c2007. |
||
| 300 |
_a279 с. : _b ил. ; _c24 см. |
||
| 653 | _a დიანეტიკა. | ||
| 653 | _a საენტოლოგია | ||
| 653 | _a აქსიომა | ||
| 942 |
_2udc _cBK |
||